Sports Quiz

Random Sports or Football Quiz

Hurling/Gaelic Football Positions Quiz Stats

 Plays Quiz not verified by Sporcle

Challenge
Share
Tweet
Score 0/15 Timer 05:00
0 Plays Today
Number Position % Correct
1Goalkeeper
99%
3Full Back
92.6%
8Midfielder
88.7%
9Midfielder
88.7%
2Right Corner Back
85.7%
4Left Corner Back
85.7%
5Right Wing Back
84.7%
14Full Forward
84.7%
Number Position % Correct
7Left Wing Back
84.2%
6Centre Half Back
82.3%
13Right Corner Forward
80.8%
15Left Corner Forward
80.8%
10Right Wing Forward
79.3%
12Left Wing Forward
79.3%
11Centre Forward
78.3%

You're not logged in!

Compare scores with friends on all Sporcle quizzes.
Join for Free
OR
Log In

You Might Also Like...

Show Comments

Extras

Created Mar 1, 2015ReportNominate
Tags:Football Quiz, gaelic, hurling

Top Quizzes Today


Score Distribution

Your Account Isn't Verified!

In order to create a playlist on Sporcle, you need to verify the email address you used during registration. Go to your Sporcle Settings to finish the process.

Report this User

Report this user for behavior that violates our Community Guidelines.

Details: